000 00374nam a2200145Ia 4500
008 240624s9999 xx 000 0 und d
041 _aeng
082 _a330 FRE
100 _aFREE RHONA C
245 _a21ST CENTURY ECONOMICS A REFERENCE HANDB
260 _c2010
_aLos Angeles
_bSage Publications
300 _axxvi, : 511 : p. : cm. ; 28
365 _c
_b25
440 _v1
999 _c15552
_d15552